MARC

LEADER 00000nam0a2200000 4500
001 350800
005 20231102010334.0
035 |a (RuTPU)RU\TPU\retro\5124 
090 |a 350800 
100 |a 20190305d1966 k y0rusy50 ca 
101 0 |a rus 
102 |a RU 
105 |a y z 000zy 
200 1 |a Запретная мысль обретает свободу  |f Ю. Ф. Карякин, Е. Г. Плимак 
210 |a Москва  |c Наука  |d 1966 
215 |a 304 с. 
300 |a 175 лет борьбы вокруг идейного наследия А. Н. Радищева 
320 |a Библиогр. в примеч. в конце ст. 
600 1 |a Радищев  |g Александр Николаевич  |b А. Н.  |c русский мыслитель  |c писатель  |f 1749-1802  |2 stltpush  |3 (RuTPU)RU\TPU\pers\1365 
606 |a Русская философия  |x История  |2 stltpush  |3 (RuTPU)RU\TPU\subj\26377  |9 50319 
610 1 |a либерализм 
610 1 |a 18 век 
610 1 |a полемика 
610 1 |a Французская революция 1789-1799 
610 1 |a западное влияние 
610 1 |a методологические проблемы 
610 1 |a историзм 
610 1 |a политическая борьба 
610 1 |a ошибки 
686 |a Ю3(2)1/6  |v LBC/SL-A  |2 rubbk 
700 1 |a Карякин  |b Ю. Ф.  |g Юрий Федорович 
701 1 |a Плимак  |b Е. Г.  |g Евгений Григорьевич 
801 1 |a RU  |b 63413507  |c 20190305 
801 2 |a RU  |b 63413507  |c 20190313  |g RCR 
942 |c BK